000 00782nam a22002297a 4500
005 20210618151115.0
008 210618s2006 pe |||fr|||| 001 0 spa d
040 _aCENDOC CAAAP
_bspa
_cCAAAP
041 _aspa
050 _aHM 101
_bL98
100 1 _93363
_aLuna Pineda, Fabiola
245 1 _aCiudadanía Intercultural /
_cFabiola Luna Pineda
250 _a1ra ed.
260 _aLima:
_bCentro Amazónico de la Antropología y Aplicación Práctica,
_c2006
300 _a30 p.
490 _a(Documentos de Trabajo)
505 _aContiene : La situación -- El multiculturalismo y la interculturalidad -- La ciudadanía interculturall.
650 1 0 _91738
_aCiudadanía
650 2 0 _92621
_aMulticulturalismo
650 2 0 _936
_aInterculturalidad
942 _2lcc
_b18 - 06 - 21
_cBK
999 _c1671
_d1671